| 000 | 00375nam a22001217a 4500 | ||
|---|---|---|---|
| 082 |
_aCP-65 _bCE-103 |
||
| 100 |
_aMaj Mirza Muhammad Shahzad Baig _951197 |
||
| 245 |
_aMechanics of Solids-I _bMaj Mirza Muhammad Shahzad Baig |
||
| 260 |
_aRisalpur _bMCE _cFall Semster 2016 |
||
| 500 | _aBE-Civil Engineering, OD-84/CED-85 | ||
| 526 |
_a0 _b0 _c0 _dCP_65_CE103 |
||
| 942 |
_2ddc _cBKB |
||
| 999 |
_c553952 _d553952 |
||